000 00666nam a2200205 a 4500
005 20230524063857.0
008 020813s19661988mx r 000 0 spa d
035 _aUPN01000118197
049 _aLT
050 4 _aLB1589 E5.4
_bR6.4 1988
100 1 _aRodríguez Vidal, Rafael
245 1 0 _aMatemáticas /
_cRafael Rodríguez Vidal, Francisco Rodríguez Vidal.
250 _a4a ed.
260 _aBarcelona, Esp. :
_bTeide,
_cc1966 (1988 impr.).
300 _a80 p. :
_bil.
500 _aTítulo en la pasta : Matemáticas 4o.
650 4 _aMatemáticas
_xEstudio y enseñanza (Elemental)
_92809
700 1 _aRodríguez Vidal, Francisco,
_ecoaut.
905 _aLibro
999 _c90575
_d90575